| 000 | 00860nam a22002777a 4500 | ||
|---|---|---|---|
| 003 | CHAP | ||
| 005 | 20220329141512.0 | ||
| 008 | 971013s1989 r 00010 d | ||
| 010 | _a69183 | ||
| 011 | _a70155 | ||
| 035 | _a79635 | ||
| 040 | _cCHAP | ||
| 082 |
_a635.6 _bG4Y |
||
| 100 | 0 | 0 |
_aGeorge, Raymond A. T. _947680 |
| 245 | _aProducción de semillas de plantas hortÃcolas | ||
| 260 |
_aMadrid : _bMundi-Prensa, _c1989 |
||
| 300 |
_a330 p. _b: ilus. |
||
| 500 | _a33-85 | ||
| 590 |
_aBATCH-UPD _b10 _c20130110 _lUCH01 _h2055 |
||
| 590 |
_aCONVERSION _b10 _c20130109 _lUCH01 _h1338 |
||
| 650 | 1 | 4 |
_aLegumbres _xSemilla. _965782 |
| 901 | _aBK | ||
| 942 | _cLIBRO | ||
| 949 |
_a635.6 G4Y _bBC _cLIBRO _d33724000262267 _eLIBRO _gI. 147176 _h75972 _i79635 _si _t17.30 |
||
| 949 |
_a635.6 G4Y _bBC _cLIBRO _d33724000262275 _eLIBRO _fc.2 _gI.14777 _h76379 _i79635 _so _t17.30 |
||
| 999 |
_c69183 _d69183 |
||